|
|
|
|
| LEADER |
00786nam a2200253 a 4500 |
| 001 |
adlib96000001 |
| 003 |
ViArRB |
| 005 |
20151026132222.0 |
| 008 |
960221s1955 dcuabcdjdbkoqu001 0deng d |
| 020 |
|
|
|a 81-89301-32-2
|
| 022 |
|
|
|
| 040 |
|
|
|a Adlib
|
| 082 |
|
|
|a (079.1):02
|
| 245 |
|
|
|a Trueman's specific series UGC NET/for JRF and eligibility for lecturership: Library and Information Science
|
| 250 |
|
|
|
| 260 |
|
|
|a New Delhi
|b Danika Publishing Company
|c 2006
|
| 300 |
|
|
|a various pagination
|
| 500 |
|
|
|a
|
| 100 |
|
|
|
| 700 |
|
|
|
| 942 |
|
|
|c REF
|6 _
|
| 653 |
|
|
|a NET- Library Science
|a Library Science- NET
|a Competitive exam guide
|
| 999 |
|
|
|c 44098
|d 44098
|
| 952 |
|
|
|0 0
|1 0
|4 0
|6 079102_TRU
|7 0
|9 56293
|a UL
|b UL
|d 2010-06-16
|o (079.1):02 TRU
|p 00054701
|r 2010-06-16
|w 2010-06-16
|y REF
|